Culture Générale - Série 2485 - Statistiques

Statistiques générales
  • Ce quiz a été pris 180 fois
  • Le résultat moyen est 5 sur 10
Statistiques - réponses
Question Réponse % Correct
Sur quelle île se trouve le volcan "piton de la fournaise" ? voir photo Réunion
88%
Jeune femme qui inspire une grande marque et en incarne l'image égérie
80%
C'est une race de chiens et une ville du Mexique Chihuahua
78%
Dans quel pays d'Amérique du sud se trouve la ville de Cali ? Colombie
71%
Dans quel sport s'est illustré Guillermo Vilas (1970 à 1992 ) ? tennis
68%
Ce mot peut désigner un vent ou une caresse bise
61%
Quelle rivière (portant le nom d'une marque de lessive) longue d'environ 750 kilomètres traverse l'Ethiopie et le Kenya ? Omo
48%
Nourriture miraculeuse envoyée aux Hébreux dans le désert - Ensemble des éphémères qui abondent sur certaines rivières en juin-juillet et dont se nourrissent les poissons - Aubaine, chose providentielle manne
25%
Quelle rivière longue de 1439 km traverse la Chine et le Kazakhstan ? - 3 lettres ili
6%
Dégager de ce qui empêche les mouvements - Dégager d'un embarras, d'une difficulté (au figuré) dépêtrer
5%
Aucun quiz correspondant
Distribution des résultats
% des personnes avec chaque résultat
Percentile par nombre de réponses
Votre historique - résultats
Vous n’avez pas pris ce quiz